Suburbs of Brisbane - Queensland - Statistics

General Stats
  • This quiz has been taken 125 times
    124 since last reset
  • The average score is 66 of 187
Answer Stats
Answer % Correct
South Brisbane
71%
Fortitude Valley
70%
West End
67%
Indooroopilly
66%
New Farm
66%
Toowong
66%
Chermside
63%
Carindale
60%
Mt Gravatt
59%
Yeronga
59%
Oxley
58%
Ashgrove
56%
Auchenflower
56%
Bulimba
56%
Coorparoo
56%
Newmarket
56%
Annerley
55%
Ferny Grove
55%
Hamilton
55%
Sunnybank
55%
Albion
53%
Bowen Hills
53%
Manly
53%
The Gap
53%
Wynnum
53%
Ascot
52%
Corinda
52%
Kedron
52%
Bardon
51%
Brisbane City
51%
Kelvin Grove
51%
Nundah
51%
Holland Park
49%
Milton
49%
Morningside
49%
Paddington
49%
Aspley
48%
Eagle Farm
48%
Enoggera
48%
St Lucia
48%
Acacia Ridge
47%
Cannon Hill
47%
Inala
47%
Newstead
47%
Woolloongabba
47%
Alderley
45%
Darra
45%
Dutton Park
45%
Graceville
45%
Nudgee
45%
Rocklea
45%
Southbank
45%
Tarragindi
45%
Camp Hill
44%
Carina
44%
Clayfield
44%
Moorooka
44%
Red Hill
44%
Taringa
44%
Boondall
42%
Carseldine
42%
Everton Park
42%
Hendra
42%
Sherwood
42%
Windsor
42%
Algester
41%
Chelmer
41%
Coopers Plains
41%
Forest Lake
41%
Highgate Hill
41%
Holland Park West
41%
Salisbury
41%
Wilston
41%
Zillmere
41%
Balmoral
40%
East Brisbane
40%
Sandgate
40%
Spring Hill
40%
Tingalpa
40%
Archerfield
38%
Chapel Hill
38%
Jindalee
38%
Mitchelton
38%
Runcorn
38%
Yeerongpilly
38%
Eight Mile Plains
37%
Hawthorne
37%
Kenmore
37%
Murarrie
37%
Shorncliffe
37%
Sunnybank Hills
37%
Banyo
36%
Fairfield
36%
Lota
36%
Lutwyche
36%
Mt Gravatt East
36%
Norman Park
36%
Virginia
36%
Wynnum West
36%
Belmont
34%
Brighton
34%
Grange
34%
Greenslopes
34%
Pinkenba
34%
Richlands
34%
Stafford
34%
Wacol
34%
Bracken Ridge
33%
Deagon
33%
Northgate
33%
Brookfield
32%
Macgregor
32%
Nudgee Beach
32%
Calamvale
30%
Chermside West
30%
Kangaroo Point
30%
Durack
29%
Fig Tree Pocket
29%
Keperra
29%
Manly West
29%
Wooloowin
29%
Gaythorne
27%
Moggill
27%
Rochedale
27%
Wishart
27%
Chandler
26%
Nathan
26%
Stafford Heights
26%
Bellbowrie
25%
Bridgeman Downs
25%
Hemmant
25%
Jamboree Heights
25%
Mt Ommaney
25%
Wakerley
25%
Doolandella
23%
Port of Brisbane
23%
Tennyson
23%
Upper Mt Gravatt
23%
Anstead
22%
Geebung
22%
Herston
22%
Kuraby
22%
Mackenzie
22%
Mansfield
22%
Mt Coot-tha
22%
Pullenvale
22%
Wavell Heights
22%
Carina Heights
21%
Ellen Grove
21%
Gordon Park
21%
Gumdale
21%
Kenmore Hills
21%
Lytton
21%
Parkinson
21%
Sumner
21%
Carole Park
19%
Seven Hills
19%
Upper Kedron
19%
McDowall
18%
Middle Park
18%
Sinnamon Park
18%
Fitzgibbon
16%
Burbank
15%
Heathwood
15%
Pinjarra Hills
15%
Seventeen Mile Rocks
15%
Larapinta
14%
Pallara
14%
Ransome
14%
Robertson
14%
Upper Brookfield
14%
Westlake
14%
Willawong
14%
Drewvale
12%
Karana Downs
12%
Kholo
12%
Stretton
12%
Taigum
12%
Chuwar
11%
Riverhills
11%
Enoggera Reservoir
10%
Lake Manchester
10%
Moreton Island
10%
Mt Crosby
10%
Karawatha
8%
Berrinba
7%
Bold Hills
7%
No matching quizzes found
Score Distribution
Percent of People with Each Score
Percentile by Number Answered
Your Score History
You have not taken this quiz since the last reset